South Eastern Kenya University

Library Online Public Access Catalogue


Malice / (Record no. 12588)

MARC details
000 -LEADER
fixed length control field 00851cam a2200301 a 4500
001 - CONTROL NUMBER
control field 15566103
003 - CONTROL NUMBER IDENTIFIER
control field OSt
005 - DATE AND TIME OF LATEST TRANSACTION
control field 20160409092227.0
008 - FIXED-LENGTH DATA ELEMENTS--GENERAL INFORMATION
fixed length control field 081223s2009 nyu 000 1 eng
010 ## - LIBRARY OF CONGRESS CONTROL NUMBER
LC control number 2008944153
020 ## - INTERNATIONAL STANDARD BOOK NUMBER
International Standard Book Number 9780758211842
020 ## - INTERNATIONAL STANDARD BOOK NUMBER
International Standard Book Number 0758211848
040 ## - CATALOGING SOURCE
Original cataloging agency SEKU
043 ## - GEOGRAPHIC AREA CODE
Geographic area code n-us-ca
-- n-us-la
050 00 - LIBRARY OF CONGRESS CALL NUMBER
Classification number PS 3560
Item number .J3
082 00 - DEWEY DECIMAL CLASSIFICATION NUMBER
Classification number 813/.54
Edition number 22
100 1# - MAIN ENTRY--PERSONAL NAME
Personal name Jackson, Lisa.
245 10 - TITLE STATEMENT
Title Malice /
Statement of responsibility, etc. Lisa Jackson.
260 ## - PUBLICATION, DISTRIBUTION, ETC. (IMPRINT)
Place of publication, distribution, etc. New York :
Name of publisher, distributor, etc. Kensington Books,
Date of publication, distribution, etc. 2009.
300 ## - PHYSICAL DESCRIPTION
Extent 424 p. ;
Dimensions 24 cm.
650 #0 - SUBJECT ADDED ENTRY--TOPICAL TERM
Topical term or geographic name as entry element Montoya, Reuben (Fictitious character)
Form subdivision Fiction.
650 #0 - SUBJECT ADDED ENTRY--TOPICAL TERM
Topical term or geographic name as entry element Serial murders
Form subdivision Fiction.
650 #0 - SUBJECT ADDED ENTRY--TOPICAL TERM
Topical term or geographic name as entry element Bentz, Rick (Fictitious character)
Form subdivision Fiction.
651 #0 - SUBJECT ADDED ENTRY--GEOGRAPHIC NAME
Geographic name Los Angeles (Calif.)
Form subdivision Fiction.
651 #0 - SUBJECT ADDED ENTRY--GEOGRAPHIC NAME
Geographic name New Orleans (La.)
Form subdivision Fiction.
655 #7 - INDEX TERM--GENRE/FORM
Genre/form data or focus term Mystery fiction.
Source of term gsafd
942 ## - ADDED ENTRY ELEMENTS (KOHA)
Source of classification or shelving scheme Library of Congress Classification
Koha item type General circulation
Holdings
Withdrawn status Lost status Source of classification or shelving scheme Damaged status Not for loan Home library Current library Shelving location Date acquired Source of acquisition Total Checkouts Full call number Barcode Date last seen Price effective from Koha item type Public note
    Library of Congress Classification     Main Campus Library Main Campus Library General Stacks 09/04/2016 Donation- Books for Africa   PS 3560 .J3 2016/015992 09/04/2016 09/04/2016 General circulation stv
Kitui, Kenya.
+254736116989
library@seku.ac.ke